000 01407cam a22003734a 4500
001 15327819
003 OSt
005 20140310182521.0
008 080611s2009 maua b 001 0 eng
010 _a 2008025966
016 7 _a101476309
_2DNLM
020 _a9780763754013 (pbk. : alk. paper)
020 _a0763754013 (pbk. : alk. paper)
035 _a(OCoLC)ocn213307567
035 _a(OCoLC)213307567
040 _aDNLM/DLC
_cDLC
_dNLM
_dBTCTA
_dBAKER
_dYDXCP
_dC#P
_dBWX
_dDLC
042 _apcc
050 0 0 _aRS 122.2
_b.F56 2009
100 1 _aFincham, Jack E.
_99339
245 1 0 _aE-prescribing :
_bthe electronic transformation of medicine /
_cJack E. Fincham.
260 _aSudbury, Mass. :
_bJones and Bartlett Publishers,
_cc2009.
300 _a185 p. :
_bill. ;
_c23 cm.
500 _aIncludes bibliographical references and index.
650 0 _aInternet pharmacies.
_99340
650 0 _aDrugs
_xPrescribing
_xData processing.
_99341
650 0 _aPharmaceutical industry
_xTechnological innovations.
_99342
650 1 2 _aMedical Order Entry Systems.
_99343
650 1 2 _aPrescriptions, Drug.
_99344
856 4 1 _3Table of contents only
_uhttp://www.loc.gov/catdir/toc/ecip0820/2008025966.html
906 _a7
_bcbc
_corignew
_d1
_eecip
_f20
_gy-gencatlg
942 _2lcc
_cSSLC
999 _c14018
_d14018